| 000 | 00801cam a22002411 4500 | ||
|---|---|---|---|
| 001 | sa 68002963 | ||
| 003 | DLC | ||
| 005 | 20260227112448.0 | ||
| 008 | 710903s1968 ii ac 000 0aeng | ||
| 010 | _asa 68002963 | ||
| 025 | _aPL480:I-E-9658 | ||
| 040 |
_aDLC _cDLC _dDLC |
||
| 050 | 0 | 0 |
_aDS481.B6 _bA2 1968 |
| 082 | 0 | 0 | _a954.03/5/08 |
| 100 | 1 |
_aBose, Sarat Chandra, _d1889-1950. |
|
| 245 | 1 | 0 |
_aI warned my countrymen; _cbeing the collected works, 1945-50, of Sarat Chandra Bose. [Compiled and edited for Netaji Research Bureau of Sister K. Bose. |
| 250 | _a1st ed.] | ||
| 260 |
_aCalcutta, _bNetaji Research Bureau _c[1968] |
||
| 300 |
_axiv, 354 p. _billus., port. _c23 cm. |
||
| 350 |
_aRs15 _a$4 |
||
| 600 | 1 | 0 |
_aBose, Sarat Chandra, _d1889-1950. |
| 700 | 1 |
_aBose, Sisir Kumar, _d1920-2000. |
|
| 999 |
_c79122 _d79122 |
||